| 000 | 00388nam a2200181Ia 4500 | ||
|---|---|---|---|
| 001 | 7956 | ||
| 005 | 20260306160533.0 | ||
| 008 | 260306t1976||||xx |||||||||||||| ||spa|| | ||
| 041 | _aESP | ||
| 082 |
_a364.133 _bV32 |
||
| 100 |
_aVargas Haya, Héctor _eAUT |
||
| 245 | 0 | _aContrabando | |
| 260 | _c1976 | ||
| 300 |
_a _c |
||
| 650 | _aGEN | ||
| 654 | _aCHU | ||
| 942 |
_cLIB _dJUS _fJUS _2ddc _n |
||
| 999 |
_c7956 _d7956 |
||